Jednoduchá spoločnosť na akcie - nová obchodná spoločnosť v slovenskom práve diplomová práca

Na minha lista:
Detalhes bibliográficos
Autor principal: Kazmérová, Lenka
Autor Corporativo: Obchodná fakulta EU. Katedra obchodného práva
Outros Autores: Holub, Dušan
Formato: Livro
Idioma:eslovaco
Publicado em: Bratislava 2018
Tags: Adicionar Tag
Sem tags, seja o primeiro a adicionar uma tag!

MARC

LEADER 00000nbm a2200000 4500
001 0243418
005 20180730094954.7
041 0 |a slo 
044 |a SK 
245 1 0 |a Jednoduchá spoločnosť na akcie - nová obchodná spoločnosť v slovenskom práve  |b diplomová práca  |c Lenka Kazmérová ; školiteľ: Dušan Holub 
264 1 |a Bratislava  |c 2018 
300 |a 61 s. 
100 1 |a Kazmérová, Lenka 
700 1 |a Holub, Dušan 
710 2 |a Obchodná fakulta EU. Katedra obchodného práva